|
|
|
|
| LEADER |
00000nam a22000007a 4500 |
| 005 |
20220519222219.0 |
| 007 |
cr|||| |||| |
| 008 |
220519c19849999ca qr|w s|||| 0|||b1eng d |
| 022 |
|
|
|a 0825-0383
|
| 035 |
|
|
|a 36213
|
| 040 |
|
|
|a vLex
|
| 090 |
|
|
|c 13369
|d 13369
|
| 245 |
0 |
0 |
|a Canadian Journal Of Administrative Sciences/Revue Canadienne Des Sciences De L'Administration
|h [Recurso electrn̤ico] /
|
| 256 |
|
|
|a Servicio en ln̕ea
|
| 260 |
|
|
|a Hoboken:
|b Wiley,
|c 1984 -
|
| 300 |
|
|
|a 1 recurso electrn̤ico
|
| 310 |
|
|
|a Trimestral
|
| 362 |
|
|
|a Nð 1-1 (Jun. 1984) -
|
| 500 |
|
|
|a The Canadian Journal of Administrative Sciences (CJAS) is a multidisciplinary, peer-reviewed, international quarterly that publishes manuscripts with a strong theoretical foundation. The journal welcomes literature reviews, quantitative and qualitative studies as well as conceptual pieces. CJAS is an ISI-listed journal that publishes papers in all key disciplines of business. CJAS is a particularly suitable home for manuscripts of a crossdisciplinary nature. All papers must state in an explicit and compelling way their unique contribution to advancing theory and/or practice in the administrative sciences.
|
| 506 |
1 |
|
|a Disponible solo en los productos indicados
|d vLex Global
|d vLex Global (Academic Edition, excluding Law Schools)
|d vLex Global (U.S. Academic Edition, Law Schools)
|d vLex Global (U.S. Academic Edition, excluding Law Schools)
|d vLex Global (Academic Edition, Law Schools)
|
| 650 |
0 |
4 |
|a Derecho Pb︢lico y Administrativo
|z Canad̀
|
| 650 |
0 |
4 |
|a Derecho Internacional
|z Canad̀
|
| 740 |
0 |
|
|a vLex Revistas (Servicio en ln̕ea)
|
| 856 |
4 |
0 |
|u https://app.vlex.com/#/sources/36213
|z Acceso restringido
|
| 942 |
|
|
|c REV
|
| 999 |
0 |
|
|a Public and Administrative Law
|
| 999 |
0 |
|
|a International Law
|